| 000 | 00448nam a2200193Ia 4500 | ||
|---|---|---|---|
| 005 | 20250603144858.0 | ||
| 008 | 250603s9999 xx 000 0 und d | ||
| 020 | _a0-02-354661-1 | ||
| 050 | _aTA352.H5/ | ||
| 100 | _aR .C. Hibbeler | ||
| 245 | 0 | _aEngineering Mechanics | |
| 250 | _aFifth Edition | ||
| 260 | _aNew York | ||
| 260 | _bCollier Macmillan Publisher | ||
| 260 | _c1989 | ||
| 300 | _a552 p | ||
| 650 | _aNew York | ||
| 942 | _cBK | ||
| 999 |
_c40220 _d40220 |
||